Statistiken für Zeitzonen zuordnen

Klicken Sie hier um das Quiz zu spielen!

Allgemein

  • Dieses Quiz wurde 92 mal gespielt
  • Das Durchschnittsergebnis liegt bei 3 aus 7

Antwortstatistiken

HintAntwort% Korrekt
11Russland
64%
5USA
42%
2Neuseeland
38%
3Australien
33%
1China
29%
4Mexiko
28%
6Kanada
20%

Verteilung der Resultate

Perzentil nach korrekt beantworteten Fragen

Anzahl Personen mit jedem Resultat

Ihre Resultats-Entwicklung

Sie haben dieses Quiz noch nicht gespielt